01964cam a22002775i 45000010009000000050017000090080041000260100017000670250019000840370053001030400023001560420010001790820020001892450104002092640067003133000018003803360026003983370028004243380027004525050850004799060045013299420029013749990019014039520132014229520132015541946268820221219143932.0170125s2016 ii 000 0 eng  a 2016334651 aI-E-2016334651 bLibrary of Congress -- New Delhi Overseas Office aDLCbengerdacDLC alcode a303.6250095,KIE00aFaith, unity, discipline :bthe Inter-Service-Intelligence (ISI) of Pakistan / cHein G. Kiessling. 1aNoida, Uttar Pradesh :bHarperCollins Publishers India,c2016. aix, 309 pages atextbtxt2rdacontent aunmediatedbn2rdamedia avolumebnc2rdacarrier aThe First Decade (Page-13), The Era of the First Generals 19581971 (Page-19), Zulfikar Ali Bhutto 19711977 (Page-31), An Interim Balance Sheet of Thirty Years 19481977 (Page-43), The ISI Under ZiaulHaq 19771988 (Page-47), Turbulence at the End of the 1980s (Page-61), Domestic Politics 19881991 (Page-71), The ISI and Nawaz Sharif 19901993 (Page-91), History Repeats Itself (Page-115), Foreign Policy and the ISI (Page-135), Nawaz Sharif Second Time Around 19971999 (Page-139), Afghanistan in the 1990s (Page-147), Insurgency in Punjab (Page-153), The ISI in NorthEast India (Page-161), Structure Personnel Budget (Page-167), The ISI Under Pervez Musharraf (Page-177), Kashmir (Page-191), Turbulent Times 20072010 (Page-197), Reform Attempts (Page-209), Clouds on the Horizon (Page-219), Quo Vadis ISI? (Page-231), Postscript (Page-239). a7bparcorigoded3encipf20gy-gencatlg 2ddccBKk303.6250095,KIE c592728d592728 00102ddc4070aMCSbMCScGENd2022-12-19l0o303.6250095,KIEpMCS37935r2022-12-19w2022-12-19yBKzAlmirah No.49, Shelf No.2 00102ddc4070aMCSbMCScGENd2022-12-19l0o303.6250095,KIEpMCS37979r2022-12-19w2022-12-19yBKzAlmirah No.49, Shelf No.2